Concert de Nadal al Palau Güell : Homenatge a Montserrat Caballé : 16 i 18 de desembre de 2021, 19.00h 16 i 18 de desembre de 2021, 19.00h
Descripción Física:
1 tríptic ; il. col. ; 15 x 21 cm.
Idioma:
Catalán
MARC
| LEADER | 00000nam a22000007a 4500 | ||
|---|---|---|---|
| 001 | 27530 | ||
| 003 | Arxiu | ||
| 005 | 20260324181156.0 | ||
| 008 | 230320b spa||||| |||| 00| 0 cat d | ||
| 017 | |a B 20316-2021 | ||
| 040 | |a agdb |b cat | ||
| 110 | 2 | |9 17034 |a Palau Güell (Barcelona) | |
| 245 | |a Concert de Nadal al Palau Güell : Homenatge a Montserrat Caballé : |b 16 i 18 de desembre de 2021, 19.00h | ||
| 260 | |a Barcelona : |b Diputació de Barcelona. Palau Güell ; |c 2021 | ||
| 300 | |a 1 tríptic ; |b il. col. ; |c 15 x 21 cm. | ||
| 610 | 2 | 0 | |9 52964 |a Palau Güell (Barcelona) |x Activitats culturals |
| 942 | |2 udc |c ARXIU |n 1 | ||
| 952 | |0 0 |1 0 |2 udc |4 0 |6 FU74157 |7 1 |9 65677 |a Arxiu |b Arxiu |d 2023-03-20 |l 0 |o FU-74-157 |p 27530 |r 2023-03-20 00:00:00 |w 2023-03-20 |y ARXIU | ||
| 999 | |c 83205 |d 83205 | ||